00467nam a22001457a 4500010001500000020002600015035001400041037000900055082000800064100001600072245008900088260003900177270008000216300002500296 aENG-144875 a9788185984827c400.00 aEN-128407 bDBAD a921 aMani, M. K. aRabindranath & Sri Aurobindo- Two heavenly germs on earth/cJanganmoy Bandyopandhyay aCalcuttabSigma Publicationsc2018 aBarnaparichay Books Market, 1st Floor (AI) College StreetbCulcuttae700005 axii;177p.c24cm.(HB)